1000 ideas for creative reuse : (Record no. 1334)

MARC details
000 -LEADER
fixed length control field 01378cam a22003134a 4500
005 - DATE AND TIME OF LATEST TRANSACTION
control field 20260322212056.0
008 - FIXED-LENGTH DATA ELEMENTS--GENERAL INFORMATION
fixed length control field data
010 ## - LIBRARY OF CONGRESS CONTROL NUMBER
LC control number 2009016050
020 ## - INTERNATIONAL STANDARD BOOK NUMBER
International Standard Book Number 9781592535408
020 ## - INTERNATIONAL STANDARD BOOK NUMBER
International Standard Book Number 1592535402
040 ## - CATALOGING SOURCE
Original cataloging agency DLC
Transcribing agency DLC
Modifying agency DLC
-- VP@
-- DLC
050 00 - LIBRARY OF CONGRESS CALL NUMBER
Classification number TT157
Item number .J594 2009
082 00 - DEWEY DECIMAL CLASSIFICATION NUMBER
Classification number 745.5
Edition information 22
092 ## - LOCALLY ASSIGNED DEWEY CALL NUMBER (OCLC)
Classification number 745.5 J594 2009
001 - CONTROL NUMBER
control field data
100 1# - MAIN ENTRY--PERSONAL NAME
Personal name Johnson, Garth.
245 10 - TITLE STATEMENT
Title 1000 ideas for creative reuse :
Remainder of title remake, restyle, recycle, renew /
Statement of responsibility, etc. Garth Johnson.
246 3# - VARYING FORM OF TITLE
Title proper/short title One thousand ideas for creative reuse
260 ## - PUBLICATION, DISTRIBUTION, ETC.
Place of publication, distribution, etc. Beverly, Mass. :
Name of publisher, distributor, etc. Quarry Books,
Date of publication, distribution, etc. c2009.
300 ## - PHYSICAL DESCRIPTION
Extent 320 p. :
Other physical details chiefly col. ill. ;
Dimensions 24 cm.
504 ## - BIBLIOGRAPHY, ETC. NOTE
Bibliography, etc. note Includes bibliographical references.
650 #0 - SUBJECT ADDED ENTRY--TOPICAL TERM
Topical term or geographic name entry element Handicraft.
650 #0 - SUBJECT ADDED ENTRY--TOPICAL TERM
Topical term or geographic name entry element Salvage (Waste, etc.)
856 42 - ELECTRONIC LOCATION AND ACCESS
Materials specified Publisher description
Uniform Resource Identifier <a href="http://www.loc.gov/catdir/enhancements/fy0910/2009016050-d.html">http://www.loc.gov/catdir/enhancements/fy0910/2009016050-d.html</a>
856 42 - ELECTRONIC LOCATION AND ACCESS
Materials specified Contributor biographical information
Uniform Resource Identifier <a href="http://www.loc.gov/catdir/enhancements/fy0916/2009016050-b.html">http://www.loc.gov/catdir/enhancements/fy0916/2009016050-b.html</a>
906 ## - LOCAL DATA ELEMENT F, LDF (RLIN)
a 7
b cbc
c orignew
d 1
e ecip
f 20
g y-gencatlg
925 0# -
-- acquire
-- 2 shelf copies
-- policy default
955 ## - COPY-LEVEL INFORMATION (RLIN)
-- xh09 2009-04-15 to Dewey
-- xh06 2010-05-01 Z-CipVer to BCCD
Holdings
Withdrawn status Lost status Damaged status Not for loan Home library Current library Shelving location Date acquired Total checkouts Full call number Barcode Date last seen Price effective from Koha item type
        Fairfield Fairfield General stacks 22/03/2026   745.5 22 BC0011377 22/03/2026 22/03/2026 Books